| 000 | 00509nam a2200181Ia 4500 | ||
|---|---|---|---|
| 003 | GCL | ||
| 008 | 140319s9999 xx 000 0 eng d | ||
| 040 |
_aGCL / _cGCL |
||
| 082 | 0 | 4 |
_a327.73042 _bS R |
| 100 | 1 | _aSMITH, GEOFFERY | |
| 245 | 1 | 0 |
_aREAGAN AND THATCHER / _cSMITH, GEOFFERY |
| 260 |
_a[S.N] : _bBODLEY HEAD LTD ، _c1990 |
||
| 300 | _a285 P | ||
| 650 | 0 | 4 | _aINTERNATIONAL POLITICS |
| 650 | 0 | 4 | _aUNITED STATES - FOREIGN RELATIONS |
| 650 | 0 | 4 | _aGREAT BRITAIN - FOREIGN RELTATIONS |
| 942 |
_2ddc _cBK |
||
| 999 |
_c13772 _d13772 |
||